000
00293nam a2200133Ia 4500
100
_a
Vecchio/ E.J.D.
490
_v
1
942
_c
BK
654
_a
manual
245
_a
Resistance welding manual
260
_b
Risistance welder mfg.
_a
Philadelphia
_c
1969
300
_a
625
546
_a
ENGLISH
999
_c
25249
_d
25249